Mosque architecture in the Malay world (Record no. 75997)

MARC details
000 -LEADER
fixed length control field 00757nam a2200253 i 4500
001 - CONTROL NUMBER
control field C2-0266955
003 - CONTROL NUMBER IDENTIFIER
control field PPAK
005 - DATE AND TIME OF LATEST TRANSACTION
control field 20180727234300.0
008 - FIXED-LENGTH DATA ELEMENTS--GENERAL INFORMATION
fixed length control field 050828s2004 my a|||| ||||| | eng d
020 ## - INTERNATIONAL STANDARD BOOK NUMBER
International Standard Book Number 9679426254
040 ## - CATALOGING SOURCE
Original cataloging agency PPAK
Language of cataloging eng
Transcribing agency PPAK
Description conventions rda
082 04 - DEWEY DECIMAL CLASSIFICATION NUMBER
Classification number 726.209598
Edition number 23
090 00 - LOCALLY ASSIGNED LC-TYPE CALL NUMBER (OCLC); LOCAL CALL NUMBER (RLIN)
Classification number (OCLC) (R) ; Classification number, CALL (RLIN) (NR) 726.209598
Feature heading ABD
Feature heading G
Classification number (OCLC) (R) ; Classification number, CALL (RLIN) (NR) 726.209598
Feature heading ABD
Feature heading R
100 0# - MAIN ENTRY--PERSONAL NAME
Personal name Abdul Halim Nasir,
Relator term author
245 10 - TITLE STATEMENT
Title Mosque architecture in the Malay world
264 #1 - PRODUCTION, PUBLICATION, DISTRIBUTION, MANUFACTURE, AND COPYRIGHT NOTICE
Place of production, publication, distribution, manufacture Bangi, Selangor :
Name of producer, publisher, distributor, manufacturer Penerbit Universiti Kebangsaan Malaysia ,
Date of production, publication, distribution, manufacture, or copyright notice 2004
300 ## - PHYSICAL DESCRIPTION
Extent 185 pages :
Other physical details colour illustrations ;
Dimensions 26 cm
336 ## - CONTENT TYPE
Source rdacontent
Content type term text
337 ## - MEDIA TYPE
Source rdamedia
Media type term unmediated
338 ## - CARRIER TYPE
Source rdacarrier
Carrier type term volume
650 10 - SUBJECT ADDED ENTRY--TOPICAL TERM
Topical term or geographic name entry element Mosque - Malay Achipelago.
942 ## - ADDED ENTRY ELEMENTS (KOHA)
-- dc
Koha item type Book
Holdings
Withdrawn Not for loan Current library Shelving location Date acquired Full call number Barcode Date last seen Koha item type Total Checkouts Date last checked out
  Not For Loan Perpustakaan Alor Setar Rujukan Dewasa 18/05/2006 R 726.209598 ABD A01116626 09/05/2018 Book    
    Perpustakaan Alor Setar Pinjaman Dewasa 04/11/2009 726.209598 ABD A01334298 03/10/2023 Book 3 20/09/2023
  Not For Loan Perpustakaan Awam Sungai Petani Rujukan Dewasa 24/05/2006 R 726.209598 ABD A01116885 09/05/2018 Book    
  Not For Loan Perpustakaan Baling Rujukan Dewasa 01/12/2005 R 726.209598 ABD A01098077 09/05/2018 Book